अली सरदार जाफ़री (Record no. 3860)

MARC details
000 -LEADER
fixed length control field 01027 a2200229 4500
005 - DATE AND TIME OF LATEST TRANSACTION
control field 20080912120354.0
008 - FIXED-LENGTH DATA ELEMENTS--GENERAL INFORMATION
fixed length control field 080912t xxu||||| |||| 00| 0 hin d
010 ## - LIBRARY OF CONGRESS CONTROL NUMBER
LC control number HIN-79849
020 ## - INTERNATIONAL STANDARD BOOK NUMBER
Terms of availability 175.00
International Standard Book Number 8186919481
035 ## - SYSTEM CONTROL NUMBER
System control number HN-52195
037 ## - SOURCE OF ACQUISITION
Source of stock number/acquisition D.B.Act / pub
082 ## - DEWEY DECIMAL CLASSIFICATION NUMBER
Classification number 841
245 ## - TITLE STATEMENT
Title अली सरदार जाफ़री
Statement of responsibility, etc संपादक नंद किशोर विक्रम
Remainder of title (शायरी और जीवन)
246 ## - VARYING FORM OF TITLE
Title proper/short title Ali sardar jaffari
260 ## - PUBLICATION, DISTRIBUTION, ETC. (IMPRINT)
Place of publication, distribution, etc दिल्ली
Name of publisher, distributor, etc साहित्य भारती
Date of publication, distribution, etc 2006
270 ## - ADDRESS
Address के-71, कृष्णनगर
City दिल्ली
Postal code 110051
300 ## - PHYSICAL DESCRIPTION
Extent 160पृ.
Dimensions 22 सेमी (सजिल्द)
650 ## - SUBJECT ADDED ENTRY--TOPICAL TERM
Topical term or geographic name as entry element Poetry
700 ## - ADDED ENTRY--PERSONAL NAME
Personal name संपादक नंद किशोर विक्रम
942 ## - ADDED ENTRY ELEMENTS (KOHA)
Institution code [OBSOLETE] dpl
Koha item type Hindi Books
Call number prefix 841/ अलीस
Source of classification or shelving scheme Dewey Decimal Classification
Classification part 841
Call number suffix अलीस
Holdings
Withdrawn status Lost status Damaged status Not for loan Home library Current library Date acquired Cost, normal purchase price Total Checkouts Full call number Barcode Date last seen Copy number Uniform Resource Identifier Cost, replacement price Price effective from Koha item type
        D.B.Act.Division D.B.Act.Division 12/09/2008 175.00   841 अलीस HN-52195 15/09/2008 1 4100 175.00 15/09/2008 Hindi Books

© Delhi Public Library
Hit Counter
free hit counter